| 000 | 00550nam a22001937a 4500 | ||
|---|---|---|---|
| 003 | OSt | ||
| 005 | 20180116183041.0 | ||
| 008 | 160223b xxu||||| |||| 00| 0 eng d | ||
| 020 | _a18-009-88-1 | ||
| 040 | _cLahore University of Management Sciences. | ||
| 050 | _a174.4 | ||
| 082 | _a174.4 LUMS 1988 | ||
| 100 | _aNaqvi,Munazzah. | ||
| 245 |
_aPACKAGES LIMITED (B). _bCase Studies. _cMunazzah Naqvi. |
||
| 260 |
_aLahore. _bLahore University of Management Sciences. _c1988. |
||
| 300 | _a3p. | ||
| 500 | _aPaper Cover | ||
| 942 |
_2ddc _cCS _k174.4 |
||
| 999 |
_c351252 _d351252 |
||